| 000 | 00611cam a2200145 4500500 | ||
|---|---|---|---|
| 005 | 20251012005113.0 | ||
| 041 | _afre | ||
| 042 | _adc | ||
| 100 | 1 | 0 |
_aProtais, Baptiste _eauthor |
| 245 | 0 | 0 | _aAutour de Jean-Louis Chrétien. Camille Riquier (dir.), Jean-Louis Chrétien et la philosophie, Presses universitaires de France, «Philosophie française contemporaine», 2024, 672 páginas, 25 euros. |
| 260 | _c2025. | ||
| 500 | _a36 | ||
| 786 | 0 | _nÉtudes | Juillet-Août | 7-8 | 2025-07-01 | p. 119-120 | |
| 856 | 4 | 1 | _uhttps://shs.cairn.info/revista-etudes-2025-7-8-page-119?lang=es&redirect-ssocas=7080 |
| 999 |
_c1516627 _d1516627 |
||